00382nam a2200121Ia 4500008004100000020002200041100002900063245007200092260003400164300002800198650001900226650001500245201002s9999 xx 000 0 und d a978-971-981-103-9 aGo-Monilla, Ma. Joycelyn cMa. Joycelyn Go-Monilla, Normaliza RamirezaUnderstanding the self/ aManila:bC&E Publishingc2018 axiii, 250 pagesc22 cm. aHuman behavior aPsychology